| 000 | 00452nam a22001577a 4500 | ||
|---|---|---|---|
| 999 |
_c3956 _d3956 |
||
| 008 | 200708b ||||| |||| 00| 0 eng d | ||
| 082 | 0 | 0 |
_a621.3143 _bC75274 |
| 100 |
_93271 _aConnelly, F. C. |
||
| 245 | 1 | 0 |
_aTransformers their principles and design for light electrical engineers _cby F. C. Connelly |
| 250 | _a1st ed. | ||
| 260 |
_aLondon _bPitman _c1959 |
||
| 300 | _axiv,490p. | ||
| 365 | _d28.00 | ||
| 650 | 0 | _aElectric Transformers | |
| 942 | _cBK | ||